000 00772nas a2200253 4500
001 BR0904436
003 BR-BrBNA
005 20231205113320.0
007 ta
008 230509b bl.|||p| |||| 00| 00por d
040 _aBR-BrBNA
_bpor
_cBiblioteca Nacional de Agricultura
041 _a(Pt)
072 _aH10
100 1 _aSuperandio, C.A.
100 1 _aAmaral, A.S.
100 1 _aLopes, L.F.
245 1 _aOcorrência do Nematóide Hirschmanniella spinicaudata em arroz irrigado no Rio Grande do Sul.
650 _aARROZ
650 _aPRAGA DE PLANTA
650 _aRIO GRANDE DO SUL
773 0 _tNematologia Brasileira (Brazil)
_xISSN 0102-2997
_g(1994), v. 18(1/2) p. 108-109
_wBR0904436
909 _a202311
_bLúcia
_c55
_dLúcia Elande
942 _2AGRIS
_n0
_cANA
999 _c203084
_d203084